| 000 | 01059nam a2200277 a 4500 | ||
|---|---|---|---|
| 001 | BRCA_5292 | ||
| 005 | 20190320205023.0 | ||
| 008 | 021210s1970----sz-a######---#000-0#fre-# | ||
| 041 | _afre | ||
| 044 | _asz | ||
| 050 | 4 |
_aTS542 _b.G89 1970 |
|
| 100 | 1 |
_aGuye, Samuel _913566 |
|
| 245 | 1 | 0 |
_aMesures du Temps et de L´espace _bHorloges, montres et instruments anciens _cpar Samuel Guye et Henri Michel ; photos par Pierre Devinoy ; préface par Nicolas E. Landau. |
| 260 |
_aFriburgo, Suiza _bOffice du Livre _c1970 |
||
| 300 |
_a290 p. _bil. (algunas a color) _c25 cm. _ecalendario perpetuo con dedicatoria para Héctor y su familia, diciembre 1973 |
||
| 500 | _aIncluye índice alfabético | ||
| 500 | _aDonación Dr. Héctor Rivero Borrell Vázquez | ||
| 504 | _aBibliografía : p. 190 | ||
| 650 | 1 | 4 |
_aRelojes _xHistoria _913567 |
| 650 | 1 | 4 |
_aInstrumentos astronómicos _xHistoria _913568 |
| 700 | 1 |
_aMichel, Henri _ecuaut. _913569 |
|
| 700 | 1 |
_aDevinoy, Pierre _eil. _913570 |
|
| 700 | 1 |
_aLandau, Nicolas E. _913571 |
|
| 902 | _aDHR | ||
| 942 |
_2lcc _cB |
||
| 999 |
_c4986 _d4986 |
||